<?xml version="1.0" encoding="UTF-8"?>
<record
    xmlns:xsi="http://www.w3.org/2001/XMLSchema-instance"
    xsi:schemaLocation="http://www.loc.gov/MARC21/slim http://www.loc.gov/standards/marcxml/schema/MARC21slim.xsd"
    xmlns="http://www.loc.gov/MARC21/slim">

  <leader>00608nam a22001817a 4500</leader>
  <controlfield tag="003">UA-OsUOA</controlfield>
  <controlfield tag="001"> 11942 </controlfield>
  <controlfield tag="007">ta</controlfield>
  <controlfield tag="008">20050418b un ||||| |||| 00| 0 ukr d</controlfield>
  <datafield tag="100" ind1=" " ind2=" ">
    <subfield code="a">&#x410;&#x431;&#x440;&#x430;&#x43C;&#x43E;&#x432;&#x438;&#x447; &#x410;.</subfield>
  </datafield>
  <datafield tag="942" ind1=" " ind2=" ">
    <subfield code="c">SA</subfield>
  </datafield>
  <datafield tag="040" ind1=" " ind2=" ">
    <subfield code="a">UA-OsUOA</subfield>
    <subfield code="c">UA-OsUOA</subfield>
    <subfield code="d">UA-OsUOA</subfield>
  </datafield>
  <datafield tag="245" ind1=" " ind2=" ">
    <subfield code="a">&#x420;&#x430;&#x437;&#x43E;&#x43C; &#x437; &#x422;&#x440;&#x43E;&#x446;&#x44C;&#x43A;&#x438;&#x43C; : &#x425;&#x442;&#x43E; &#x43A;&#x435;&#x440;&#x443;&#x432;&#x430;&#x432; &#x427;&#x435;&#x440;&#x432;&#x43E;&#x43D;&#x43E;&#x44E; &#x430;&#x440;&#x43C;&#x456;&#x454;&#x44E; : [ &#x423;&#x447;&#x430;&#x441;&#x442;&#x44C; &#x456; &#x440;&#x43E;&#x43B;&#x44C; &#x454;&#x432;&#x440;&#x435;&#x457;&#x432; &#x443; &#x433;&#x440;&#x43E;&#x43C;&#x430;&#x434;&#x44F;&#x43D;&#x441;&#x44C;&#x43A;&#x456;&#x439; &#x432;&#x456;&#x439;&#x43D;&#x456; ]</subfield>
  </datafield>
  <datafield tag="300" ind1=" " ind2=" ">
    <subfield code="a">&#x421;.38-43</subfield>
  </datafield>
  <datafield tag="955" ind1=" " ind2=" ">
    <subfield code="a">0</subfield>
  </datafield>
  <datafield tag="773" ind1="0" ind2=" ">
    <subfield code="w">0</subfield>
    <subfield code="t">&#x41F;&#x435;&#x440;&#x441;&#x43E;&#x43D;&#x430;&#x43B;</subfield>
    <subfield code="d">&#x41A;&#x438;&#x457;&#x432;</subfield>
    <subfield code="d">2005</subfield>
    <subfield code="g">&#x2116;3</subfield>
  </datafield>
  <datafield tag="650" ind1=" " ind2="7">
    <subfield code="a">&#x413;&#x440;&#x43E;&#x43C;&#x430;&#x434;&#x44F;&#x43D;&#x441;&#x44C;&#x43A;&#x430; &#x432;&#x456;&#x439;&#x43D;&#x430;</subfield>
    <subfield code="2">UDC</subfield>
  </datafield>
  <datafield tag="999" ind1=" " ind2=" ">
    <subfield code="c">298103</subfield>
    <subfield code="d">298103</subfield>
  </datafield>
</record>
